000 00246nam a2200097Ia 4500
001 644964
005 20250826153614.0
008 250824s9999 xx 000 0 und d
245 0 _aEce Yüce/Ece Okula Başladı
_cGülten Dayıoğlu
260 _bALTIN
999 _c644964
_d644964